|
|
|
|
| LEADER |
00000cam a2200000 7i4500 |
| 001 |
0000278956 |
| 005 |
20210315115835.0 |
| 020 |
|
|
|a 9780674238176
|
| 090 |
0 |
|
|a 909.09767
|b AYD
|
| 100 |
1 |
|
|a Aydin, Cemil
|
| 245 |
1 |
4 |
|a The idea of muslim world :
|b a global intellectual history
|c Cemil Aydin
|
| 260 |
|
|
|a Cambridge, Massachusetts :
|b Harvard University Press ,
|c 2017
|
| 300 |
|
|
|a 293p. ;
|c 21cm.
|
| 650 |
|
0 |
|a Group identity
|x Islamic countries
|x History
|
| 650 |
|
0 |
|a Islamic countries
|x Civilization
|
| 650 |
|
0 |
|a Muslims
|x Public opinion
|x History
|
| 999 |
|
|
|a 00390689
|b BUKU
|c PINJAMAN
|e PERPUSTAKAAN KOMUNITI PETALING JAYA
|